[Event "217th YMCA Summer A"]
[Site "Warsaw"]
[Date "2019.07.16"]
[Round "1"]
[White "Sloniewski, Michal"]
[Black "Basiaga, Sebastian"]
[Result "1-0"]
[WhiteElo "1744"]
[BlackElo "1690"]
[PlyCount "101"]
[EventDate "2019.07.03"]
[EventType "tourn"]
[EventRounds "1"]
[EventCountry "POL"]
[SourceDate "2019.07.03"]

1. f4 d5 2. Nf3 Nf6 3. e3 Bg4 4. b3 g6 5. Bb2 Bg7 6. Be2 Nbd7 7. Ne5 Nxe5 8.
Bxe5 Bxe2 9. Qxe2 c6 10. d3 O-O 11. O-O Nd7 12. Bxg7 Kxg7 13. Nd2 e5 14. f5 f6
15. e4 g5 16. Rf3 Qe8 17. Nf1 h5 18. Rh3 Rh8 19. c3 Rd8 20. Rd1 d4 21. cxd4
exd4 22. Nd2 Ne5 23. Nc4 Ng4 24. Rc1 Rd7 25. Rg3 Kf7 26. Rxg4 hxg4 27. e5 Rd5
28. Qxg4 b5 29. e6+ Kg7 30. Nd2 Rh4 31. Qg3 Rf4 32. Ne4 Rdxf5 33. Nd6 Qxe6 34.
Nxf5+ Qxf5 35. Qe1 Kh6 36. Qe7 Qxd3 37. Qf8+ Kh5 38. Qe8+ Kg4 39. Qe6+ f5 40.
h3+ Kh4 41. Qh6+ Kg3 42. Qxg5+ Rg4 43. hxg4 f4 44. Qe5 Qe3+ 45. Qxe3+ fxe3 46.
g5 d3 47. Kf1 d2 48. Ra1 c5 49. g6 c4 50. bxc4 bxc4 51. g7 1-0

[Event "217th YMCA Summer A"]
[Site "Warsaw"]
[Date "2019.07.03"]
[Round "1"]
[White "Kasperkiewicz, Pawel"]
[Black "Podgorski, Maciej"]
[Result "1-0"]
[WhiteElo "1905"]
[BlackElo "1763"]
[PlyCount "103"]
[EventDate "2019.07.03"]
[EventType "tourn"]
[EventRounds "1"]
[EventCountry "POL"]
[SourceDate "2019.07.03"]

1. d4 Nf6 2. c4 g6 3. Nc3 Bg7 4. e4 d6 5. Nf3 O-O 6. Bg5 c5 7. d5 a6 8. a4 Bg4
9. Be2 Nbd7 10. O-O h6 11. Bh4 g5 12. Bg3 Nh5 13. Ne1 Bxe2 14. Qxe2 Nxg3 15.
hxg3 Qa5 16. Nc2 Bxc3 17. bxc3 Qxc3 18. Rab1 Rab8 19. Ne3 Qf6 20. Rb3 Kh7 21.
Rfb1 b6 22. Qc2 Qg6 23. R1b2 h5 24. Qb1 a5 25. Nf5 Rbe8 26. f4 e5 27. fxg5 Qxg5
28. Nxd6 Rb8 29. Rf2 Qg6 30. Nf5 Nf6 31. Ne7 Qh6 32. Qf1 Ng4 33. Rxf7+ Rxf7 34.
Qxf7+ Qg7 35. Qxh5+ Nh6 36. Nf5 Qg6 37. Qxg6+ Kxg6 38. Nxh6 Kxh6 39. Rf3 Kg6
40. Kf2 Rh8 41. Rf5 Re8 42. g4 Re7 43. Kg3 Re8 44. g5 Re7 45. Kg4 Rh7 46. Rxe5
Rh2 47. Re6+ Kf7 48. Kg3 Rh1 49. Rf6+ Ke7 50. Rxb6 Ra1 51. Kf4 Rxa4 52. Rb7+
1-0

[Event "217th YMCA Summer A"]
[Site "Warsaw"]
[Date "2019.07.03"]
[Round "1"]
[White "Omar, Mohamed"]
[Black "Pajak, Jakub"]
[Result "1/2-1/2"]
[WhiteElo "1802"]
[BlackElo "1967"]
[PlyCount "69"]
[EventDate "2019.07.03"]
[EventType "tourn"]
[EventRounds "1"]
[EventCountry "POL"]
[SourceDate "2019.07.03"]

1. b3 e5 2. Bb2 Nc6 3. e3 Nf6 4. Bb5 Bd6 5. Ne2 a6 6. Bxc6 dxc6 7. d3 O-O 8.
O-O Be6 9. Nd2 Qe7 10. Ng3 Rad8 11. Nde4 Nxe4 12. Nxe4 Bd5 13. Nxd6 cxd6 14. e4
Be6 15. f4 exf4 16. Rxf4 d5 17. exd5 Rxd5 18. Qd2 Rh5 19. Raf1 Qc5+ 20. Qf2
Qxf2+ 21. R1xf2 Re8 22. Re2 f6 23. Rb4 b5 24. Rbe4 Kf7 25. c4 Rf5 26. a3 h5 27.
Rf2 Rd8 28. Rd4 Rxd4 29. Bxd4 Ke7 30. Kf1 Kd6 31. Rxf5 Bxf5 32. Ke2 Bg4+ 33.
Kd2 h4 34. g3 hxg3 35. hxg3 $11 1/2-1/2

[Event "217th YMCA Summer A"]
[Site "Warsaw"]
[Date "2019.07.03"]
[Round "1"]
[White "Kurowski, Andrzej"]
[Black "Szewczak, Andrzej"]
[Result "1-0"]
[WhiteElo "1705"]
[BlackElo "1720"]
[PlyCount "77"]
[EventDate "2019.07.03"]
[EventRounds "1"]
[EventCountry "POL"]
[SourceDate "2019.07.03"]

1. Nf3 Nf6 2. c4 g6 3. Nc3 Bg7 4. d4 d6 5. e4 O-O 6. Be2 Nbd7 7. O-O e5 8. Re1
a5 9. Bf1 Re8 10. d5 Nc5 11. b3 Nh5 12. Bg5 f6 13. Be3 h6 14. Rc1 Kh7 15. h3
Nf4 16. Bxf4 exf4 17. Qd2 g5 18. Nd4 Re5 19. Qc2 Bd7 20. Nf3 Re7 21. e5+ Kh8
22. e6 Nxe6 23. dxe6 Rxe6 24. Nd4 Re5 25. Nf3 Re8 26. Rxe8+ Qxe8 27. Re1 Qf7
28. Nd5 Re8 29. Rxe8+ Bxe8 30. Qe4 c6 31. Ne7 Bf8 32. Nf5 Bd7 33. Bd3 d5 34.
Qd4 Be6 35. c5 Bxf5 36. Bxf5 Kg7 37. Qc3 b5 38. cxb6 c5 39. Qxa5 1-0

[Event "217th YMCA Summer A"]
[Site "Warsaw"]
[Date "2019.07.05"]
[Round "2"]
[White "Basiaga, Sebastian"]
[Black "Szewczak, Andrzej"]
[Result "0-1"]
[WhiteElo "1690"]
[BlackElo "1720"]
[PlyCount "138"]
[EventDate "2019.07.03"]
[EventRounds "1"]
[EventCountry "POL"]
[SourceDate "2019.07.03"]

1. e4 e5 2. Nf3 Nc6 3. Bb5 Bc5 4. d3 d6 5. c3 a6 6. Ba4 Ba7 7. O-O Bg4 8. Re1
Qf6 9. Nbd2 Nge7 10. h3 Be6 11. Nf1 h6 12. Be3 O-O 13. Bxa7 Nxa7 14. Ng3 g6 15.
d4 Rad8 16. Qe2 Kh7 17. Qe3 Nac8 18. Bc2 Nb6 19. b3 Bc8 20. Rad1 Nc6 21. Rd2
Rfe8 22. Red1 Qe7 23. d5 Nb8 24. Bd3 Rg8 25. Rf1 N8d7 26. b4 Nf6 27. c4 Nh5 28.
Nxh5 gxh5 29. Kh2 h4 30. Ne1 Nd7 31. f4 Rg3 32. Qf2 Rdg8 33. f5 Nf6 34. Qe2 Qe8
35. Bc2 Bd7 36. Rd3 R3g5 37. Qf2 Ba4 38. Bb1 Qd8 39. Ra3 Bd1 40. Qd2 Bh5 41.
Qf2 Rg4 42. Re3 R8g5 43. Kh1 Rf4 44. Nf3 Rg3 45. Qg1 Qg8 46. Nh2 Qg5 47. Ree1
Rc3 48. c5 Rc4 49. cxd6 cxd6 50. Rxf4 Qxf4 51. Qb6 Rc1 52. Qg1 Rc4 53. Qb6 Qd2
54. Rf1 Qxb4 55. Qd8 Kg7 56. Ng4 Bxg4 57. hxg4 Qc5 58. Bd3 Rc1 59. Qe7 Rxf1+
60. Bxf1 Qf2 61. Qxd6 Qxf1+ 62. Kh2 Qf4+ 63. Kg1 Qc1+ 64. Kh2 Nxg4+ 65. Kh3
Qe3+ 66. Kxh4 Qg5+ 67. Kg3 Qf4+ 68. Kh4 Nf2+ 69. Kh5 Qh2# 0-1

[Event "217th YMCA Summer A"]
[Site "Warsaw"]
[Date "2019.07.26"]
[Round "2"]
[White "Pajak, Jakub"]
[Black "Kurowski, Andrzej"]
[Result "1/2-1/2"]
[WhiteElo "1967"]
[BlackElo "1705"]
[PlyCount "116"]
[EventDate "2019.07.03"]
[EventType "tourn"]
[EventRounds "1"]
[EventCountry "POL"]
[SourceDate "2019.07.03"]

1. e4 e6 2. d4 d5 3. Nc3 Nf6 4. Bg5 Bb4 5. exd5 exd5 6. Bd3 O-O 7. Nge2 h6 8.
Bh4 Bg4 9. f3 Be6 10. Qd2 c5 11. dxc5 Nc6 12. Bf2 Qa5 13. Nd4 Bxc5 $11 14. Nb3
Bxf2+ 15. Qxf2 Qc7 16. O-O Ne5 17. Rad1 Nxd3 18. Rxd3 a6 19. Rd2 Rac8 20. Ne2
b5 21. c3 Rfe8 22. Nbd4 Qb6 23. a3 Qc5 24. Ng3 a5 25. Nb3 Qc7 26. Rd4 Qb6 27.
Rfd1 Rb8 28. Ne2 Rec8 29. R1d2 Re8 30. Nf4 Bf5 31. g4 Be6 32. Na1 b4 33. axb4
axb4 34. Rxb4 Qxf2+ 35. Kxf2 Rxb4 36. cxb4 Bxg4 37. fxg4 Ne4+ 38. Ke3 Nxd2+ 39.
Kxd2 Re4 40. Ne2 Rxb4 41. h3 Rxb2+ 42. Nc2 Rb3 43. Nc3 Kf8 44. Kd3 g6 45. Nd4
Rb2 46. Nde2 Rb3 47. Nf4 Rb2 48. Ncxd5 Rh2 49. Ne3 g5 50. Nh5 Rxh3 51. Ke4 Rh4
52. Kf5 Rh3 53. Nd5 Rf3+ 54. Ke4 Rf2 55. Ne3 Ra2 56. Nf5 Ra6 57. Ke5 Re6+ 58.
Kd5 Ra6 $11 1/2-1/2

[Event "217th YMCA Summer A"]
[Site "Warsaw"]
[Date "2019.07.05"]
[Round "2"]
[White "Podgorski, Maciej"]
[Black "Omar, Mohamed"]
[Result "0-1"]
[WhiteElo "1763"]
[BlackElo "1802"]
[PlyCount "134"]
[EventDate "2019.07.03"]
[EventType "tourn"]
[EventRounds "1"]
[EventCountry "POL"]
[SourceDate "2019.07.03"]

1. e4 b6 2. d4 Bb7 3. Bd3 e6 4. Nf3 c5 5. c3 cxd4 6. cxd4 Bb4+ 7. Nc3 Nf6 8.
O-O Bxc3 9. bxc3 Bxe4 10. Bxe4 Nxe4 11. Qd3 d5 12. Ba3 Nd6 13. h4 h6 14. g4 Nc4
15. Bc1 Nc6 16. Bf4 h5 17. g5 g6 18. Rfe1 Qd7 19. Nd2 Nxd2 20. Bxd2 O-O 21. Re3
Ne7 22. Rf3 Nf5 23. Bf4 Rac8 24. Be5 Rc4 25. Rb1 Rfc8 26. Rh3 Qc6 27. Rb3 Nd6
28. Qg3 Nf5 29. Qf4 Qa4 30. Qd2 Qa5 31. Qb2 Ra4 32. a3 Qa6 33. Kg2 Rcc4 34. Bf4
Ra5 35. Bc1 Rca4 36. Qd2 Rc4 37. Qf4 Qc8 38. Rf3 Qc7 39. Qxc7 Rxc7 40. Rf4 Ra4
41. Bd2 Rac4 42. Kh3 Nd6 43. Rf3 Ne4 44. Be1 Kf8 45. Re3 Ke8 46. f3 Nd6 47. Bg3
R7c6 48. Bxd6 Rxd6 49. Kg3 Rdc6 50. Kf4 a5 51. Ke5 Ke7 52. f4 a4 53. Rb4 Rxc3
54. Rxc3 Rxc3 55. f5 Re3+ 56. Kf4 Re4+ 57. Kg3 exf5 58. Rxa4 Rg4+ 59. Kh3 f4
60. Ra7+ Ke6 61. Ra6 Rg3+ 62. Kh2 Rb3 63. a4 Kf5 64. Ra7 Kg4 65. Rxf7 Rb2+ 66.
Kg1 Kg3 67. Kf1 f3 0-1

[Event "217th YMCA Summer A"]
[Site "Warsaw"]
[Date "2019.07.30"]
[Round "2"]
[White "Sloniewski, Michal"]
[Black "Kasperkiewicz, Pawel"]
[Result "0-1"]
[WhiteElo "1744"]
[BlackElo "1905"]
[PlyCount "102"]
[EventDate "2019.07.03"]
[EventType "tourn"]
[EventRounds "1"]
[EventCountry "POL"]
[SourceDate "2019.07.03"]

1. e4 e6 2. d4 d5 3. Nd2 c5 4. exd5 Qxd5 5. Ngf3 Nc6 6. Bc4 Qd7 7. Nb3 cxd4 8.
O-O a6 9. Nbxd4 Nxd4 10. Nxd4 Qc7 11. Qe2 Bd6 12. h3 Ne7 13. Bd2 Bd7 14. a3 Rc8
15. Bb3 O-O 16. Rad1 Nc6 17. Nxc6 Bxc6 18. Bc3 Bb5 19. Qg4 Be5 20. Bxe5 Qxe5
21. Rfe1 Qxb2 22. Rxe6 fxe6 23. Bxe6+ Kh8 24. Bxc8 Qxc2 25. Bf5 Qe2 26. Qd4
Rxf5 27. Rc1 h6 28. Rc7 Qe1+ 29. Kh2 Qe5+ 30. Qxe5 Rxe5 31. Rxb7 Re2 32. Rf7
Ra2 33. Rf3 Kh7 34. h4 Bc6 35. Rc3 Bd7 36. Kg3 a5 37. Kf3 a4 38. g4 Rb2 39. Rc7
Be6 40. Re7 Bd5+ 41. Ke3 Rb3+ 42. Kd4 Bf3 43. g5 hxg5 44. hxg5 Rxa3 45. Ke5 Bh5
46. Ra7 Rf3 47. Rxa4 Rxf2 48. Ra6 Bg6 49. Ra4 Rf5+ 50. Ke6 Rxg5 51. Ke7 Re5+
0-1

[Event "217th YMCA Summer A"]
[Site "Warsaw"]
[Date "2019.07.17"]
[Round "3"]
[White "Kasperkiewicz, Pawel"]
[Black "Basiaga, Sebastian"]
[Result "0-1"]
[WhiteElo "1905"]
[BlackElo "1690"]
[PlyCount "78"]
[EventDate "2019.07.03"]
[EventType "tourn"]
[EventRounds "1"]
[EventCountry "POL"]
[SourceDate "2019.07.03"]

1. d4 d5 2. c4 c6 3. Nf3 Nf6 4. Nc3 e6 5. cxd5 cxd5 6. Bf4 Nbd7 7. e3 a6 8. Bd3
b5 9. O-O Bb7 10. a4 b4 11. Ne2 Be7 12. Nc1 a5 13. Nb3 Qb6 14. Rc1 Bd6 15. Bxd6
Qxd6 16. Nc5 Bc6 17. Nxd7 Bxd7 18. Ne5 O-O 19. Nxd7 Nxd7 20. Qc2 Nb6 21. Bxh7+
Kh8 22. Bd3 Rfc8 23. Qe2 g6 24. Bb5 Kg7 25. h4 b3 26. g3 Qb4 27. Kg2 Nxa4 28.
h5 Nxb2 29. hxg6 fxg6 30. Bd7 Rxc1 31. Rxc1 Nc4 32. Bxe6 Qd6 33. Qg4 Re8 34.
Bf5 Qf6 35. Bd3 Rf8 36. Qe2 a4 37. Bxc4 dxc4 38. Rxc4 a3 39. e4 Qb6 0-1

[Event "217th YMCA Summer A"]
[Site "Warsaw"]
[Date "2019.07.17"]
[Round "3"]
[White "Omar, Mohamed"]
[Black "Sloniewski, Michal"]
[Result "1/2-1/2"]
[WhiteElo "1802"]
[BlackElo "1744"]
[PlyCount "94"]
[EventDate "2019.07.03"]
[EventType "tourn"]
[EventRounds "1"]
[EventCountry "POL"]
[SourceDate "2019.07.03"]

1. f4 Nf6 2. Nf3 d5 3. e3 a6 4. d4 g6 5. Bd3 Bg7 6. O-O O-O 7. c3 Bf5 8. Bxf5
gxf5 9. Nbd2 c5 10. Ne5 Nc6 11. Nxc6 bxc6 12. Qa4 cxd4 13. exd4 Qb6 14. Nb3 Ne4
15. Be3 Kh8 16. Rab1 Rg8 17. Nc5 Nxc5 18. dxc5 Qb5 19. Qd1 Qc4 20. a3 Qe4 21.
Qf3 Qxf3 22. Rxf3 Rab8 23. Bd4 Rb3 24. Bxg7+ Rxg7 25. Rf2 Rg8 26. Re1 e6 27.
Ree2 Rgb8 28. a4 Kg7 29. Rd2 Kf6 $11 30. Kf1 Kg6 31. Rfe2 Re8 32. Ke1 f6 33.
Kd1 e5 34. Kc2 Reb8 35. Kc1 e4 36. g3 h5 37. h4 Kf7 38. Rd4 Ke6 39. Rdd2 a5 40.
Kd1 R3b7 41. Ke1 Rg8 42. Re3 Rb3 43. Kf2 Ke7 44. Ree2 Rgb8 45. Ke3 Rg8 46. Rg2
Ke6 47. Kf2 Rgb8 1/2-1/2

[Event "217th YMCA Summer A"]
[Site "Warsaw"]
[Date "2019.07.17"]
[Round "3"]
[White "Kurowski, Andrzej"]
[Black "Podgorski, Maciej"]
[Result "0-1"]
[WhiteElo "1705"]
[BlackElo "1763"]
[PlyCount "58"]
[EventDate "2019.07.03"]
[EventType "tourn"]
[EventRounds "1"]
[EventCountry "POL"]
[SourceDate "2019.07.03"]

1. Nf3 Nf6 2. c4 g6 3. Nc3 Bg7 4. d4 d6 5. e4 O-O 6. Be2 e5 7. O-O Nc6 8. d5
Ne7 9. Ne1 Ne8 10. f3 f5 11. Be3 f4 12. Bf2 g5 13. c5 Ng6 14. a4 h5 15. a5 Rf7
16. a6 b6 17. cxb6 cxb6 18. Nd3 Bh6 19. Nb4 Nc7 20. Bb5 g4 21. Bc6 Rb8 22. Nb5
Nxb5 23. Bxb5 Qg5 24. Qe1 gxf3 25. g3 fxg3 26. hxg3 Qg4 27. Ra3 Qh3 28. Rxf3
Rxf3 29. Nc6 Nf4 0-1

[Event "217th YMCA Summer A"]
[Site "Warsaw"]
[Date "2019.07.17"]
[Round "3"]
[White "Szewczak, Andrzej"]
[Black "Pajak, Jakub"]
[Result "1-0"]
[WhiteElo "1720"]
[BlackElo "1967"]
[PlyCount "169"]
[EventDate "2019.07.03"]
[EventType "tourn"]
[EventRounds "1"]
[EventCountry "POL"]
[SourceDate "2019.07.03"]

1. e4 Nf6 2. Nc3 d5 3. e5 d4 4. exf6 dxc3 5. fxg7 cxd2+ 6. Bxd2 Bxg7 7. Qc1 Nc6
8. Nf3 Qd5 9. h3 Bf5 10. c3 O-O-O 11. Be2 Ne5 12. Nxe5 Qxe5 13. Be3 Rhg8 14. f4
Qe4 15. Kf2 Bd4 16. Bf3 Bxe3+ 17. Qxe3 Qc2+ 18. Be2 Rd2 19. g4 Bd3 20. Rhe1
Qxb2 21. Rad1 Rxe2+ 22. Rxe2 Qxe2+ 23. Qxe2 Bxe2 24. Kxe2 Rd8 25. Rb1 Rd6 26.
h4 Ra6 27. Rb2 Ra4 28. Kf3 Ra3 29. Rc2 b5 30. Ke4 Kd7 31. g5 Ra4+ 32. Kf5 Rc4
33. h5 b4 34. Rd2+ Ke8 35. cxb4 Rxb4 36. Rc2 e6+ 37. Kf6 Kf8 38. Ke5 Rb5+ 39.
Ke4 c5 40. Rc4 Ke7 41. Ke5 Ra5 42. a4 Ra6 43. Rxc5 Rxa4 44. Rc7+ Kf8 45. h6
Ra5+ 46. Ke4 Ra4+ 47. Kf3 a5 48. Ra7 Ra1 49. Ke4 Re1+ 50. Kd4 Rd1+ 51. Ke5 Rd5+
52. Ke4 Rb5 53. Ra8+ Ke7 54. Rh8 Rb4+ 55. Ke3 Rb3+ 56. Kd2 Rg3 57. Rxh7 a4 58.
Rh8 a3 59. Ra8 Rh3 60. Kc2 Kd6 61. Kb1 f6 62. gxf6 Rb3+ 63. Ka1 Rb7 64. Ra6+
Kd5 65. Rxa3 e5 66. f5 Rh7 67. Rh3 Kd6 68. Kb2 Kd7 69. Kc2 Ke8 70. Kd3 Kf7 71.
Ke4 Kxf6 72. Rh5 Rh8 73. h7 Kg7 74. Rh1 Kf6 75. Rh2 Kg7 76. Rg2+ Kf7 77. Ra2
Re8 78. Ra6 Kg7 79. Ra7+ Kh8 80. f6 Rf8 81. Kf5 e4 82. Kg6 Rb8 83. Re7 e3 84.
Rxe3 Rf8 85. f7 1-0

[Event "217th YMCA Summer A"]
[Site "Warsaw"]
[Date "2019.07.19"]
[Round "4"]
[White "Basiaga, Sebastian"]
[Black "Pajak, Jakub"]
[Result "0-1"]
[WhiteElo "1690"]
[BlackElo "1967"]
[PlyCount "56"]
[EventDate "2019.07.03"]
[EventType "tourn"]
[EventRounds "1"]
[EventCountry "POL"]
[SourceDate "2019.07.03"]

1. e4 g6 2. d4 Bg7 3. Nf3 c5 4. Nc3 cxd4 5. Nxd4 Nc6 6. Nxc6 bxc6 7. Bc4 Nf6 8.
e5 Ng8 9. Qe2 Qa5 10. O-O Qxe5 11. Qf3 Nf6 12. Bf4 Qh5 13. Qe3 O-O 14. Qxe7 d5
15. Be2 Qf5 16. Bg3 Qxc2 17. Rfc1 Qxb2 18. Rab1 Qd2 19. Qc7 Bf5 20. Bf4 Qd4 21.
Be3 Qh4 22. g3 Qh3 23. Bf1 Qh5 24. Rb4 Ng4 25. h3 Nxe3 26. fxe3 Qf3 27. Nd1 Be4
28. Qxc6 Qxg3+ 0-1

[Event "217th YMCA Summer A"]
[Site "Warsaw"]
[Date "2019.07.19"]
[Round "4"]
[White "Podgorski, Maciej"]
[Black "Szewczak, Andrzej"]
[Result "1-0"]
[WhiteElo "1763"]
[BlackElo "1720"]
[PlyCount "109"]
[EventDate "2019.07.03"]
[EventType "tourn"]
[EventRounds "1"]
[EventCountry "POL"]
[SourceDate "2019.07.03"]

1. e4 e5 2. Nf3 Nc6 3. Bc4 Bc5 4. c3 Qe7 5. d4 exd4 6. O-O dxc3 7. Nxc3 d6 8.
Nd5 Qd7 9. Bf4 Nge7 10. b4 Nxd5 11. exd5 Nxb4 12. a3 O-O 13. axb4 Bxb4 14. Bd3
h6 15. Qc1 f5 16. Nd4 Qf7 17. Qc4 Bc5 18. Rfe1 Qf6 19. Ne6 Bxe6 20. dxe6 Qe7
21. g4 fxg4 22. Bg6 Rf6 23. Bf7+ Kh8 24. Bg3 c6 25. Qxg4 a5 26. Bg6 Raf8 27.
Re2 b5 28. Bh4 d5 29. Bxf6 Qxf6 30. Rf1 a4 31. e7 Bxe7 32. Re6 Qh4 33. Qxh4
Bxh4 34. Rxc6 Bf6 35. Rb6 Ra8 36. Rc1 a3 37. Rbc6 Rf8 38. Rc8 Kg8 39. Bb1 Rxc8
40. Rxc8+ Kf7 41. Ba2 Ke6 42. Rc5 Ke5 43. Rxd5+ Ke4 44. Kg2 Bd4 45. h4 Bf6 46.
h5 Kf4 47. f3 Ba1 48. Bb1 Bf6 49. Rf5+ Ke3 50. Rxf6 gxf6 51. Kg3 f5 52. Ba2 Ke2
53. Kf4 Kf2 54. Kxf5 Kxf3 55. Kg6 1-0

[Event "217th YMCA Summer A"]
[Site "Warsaw"]
[Date "2019.07.18"]
[Round "4"]
[White "Sloniewski, Michal"]
[Black "Kurowski, Andrzej"]
[Result "1/2-1/2"]
[WhiteElo "1744"]
[BlackElo "1705"]
[PlyCount "44"]
[EventDate "2019.07.03"]
[EventType "tourn"]
[EventRounds "1"]
[EventCountry "POL"]
[SourceDate "2019.07.03"]

1. f4 Nf6 2. Nf3 b6 3. e3 Bb7 4. b3 e6 5. Bb2 Be7 6. Be2 c5 7. O-O O-O 8. d3 d5
9. Nbd2 Nc6 10. Ne5 Nxe5 11. fxe5 Nd7 12. d4 Bg5 13. Rf3 f6 14. exf6 Rxf6 15.
Rg3 Bh4 16. Rh3 Rg6 17. Bd3 Rh6 18. Nf3 Bg5 19. Nxg5 Qxg5 20. Rg3 Qh4 21. Rh3
Qg5 22. Rg3 Qh4 1/2-1/2

[Event "217th YMCA Summer A"]
[Site "Warsaw"]
[Date "2019.07.19"]
[Round "4"]
[White "Kasperkiewicz, Pawel"]
[Black "Omar, Mohamed"]
[Result "1/2-1/2"]
[WhiteElo "1905"]
[BlackElo "1802"]
[PlyCount "50"]
[EventDate "2019.07.03"]
[EventType "tourn"]
[EventRounds "1"]
[EventCountry "POL"]
[SourceDate "2019.07.03"]

1. d4 d5 2. c4 e6 3. Nf3 f5 4. g3 Nf6 5. Bg2 c6 6. O-O Bd6 7. b3 O-O 8. Ba3 Ne4
9. Bxd6 Qxd6 10. e3 Nd7 11. Nbd2 b6 12. Ne1 Ba6 13. Rc1 Rac8 14. Nxe4 fxe4 15.
f3 exf3 16. Rxf3 Rxf3 17. Nxf3 dxc4 18. bxc4 Qa3 19. Qd2 Qe7 20. Bh3 h6 21. Qc2
Bb7 22. Qe4 Re8 23. Ne5 Nxe5 24. Qxe5 Qf6 25. Qxf6 gxf6 1/2-1/2

[Event "217th YMCA Summer A"]
[Site "Warsaw"]
[Date "2019.07.24"]
[Round "5"]
[White "Omar, Mohamed"]
[Black "Basiaga, Sebastian"]
[Result "1-0"]
[WhiteElo "1802"]
[BlackElo "1690"]
[PlyCount "87"]
[EventDate "2019.07.03"]
[EventType "tourn"]
[EventRounds "1"]
[EventCountry "POL"]
[SourceDate "2019.07.03"]

1. e4 e5 2. Nf3 Nc6 3. d4 exd4 4. Nxd4 Bc5 5. Be3 Qf6 6. c3 Nge7 7. Nc2 Bxe3 8.
Nxe3 d6 9. Bd3 Be6 10. O-O O-O-O 11. f4 d5 12. e5 Qh6 13. Qe2 f5 14. exf6 gxf6
15. Na3 f5 16. Qc2 Qf6 17. Rfe1 Kb8 18. Kh1 Rhg8 19. Rac1 d4 20. Nec4 Bd5 21.
Bf1 d3 22. Qf2 Rg4 23. Rcd1 Ng6 24. Ne3 Rxf4 25. Nxd5 Rxd5 26. Re8+ Rd8 27.
Rxd8+ Qxd8 28. Qe3 Nce5 29. Nb5 b6 30. Nd4 c5 31. Ne6 Rxf1+ 32. Rxf1 Qd5 33.
Nf4 Nxf4 34. Qxf4 Kb7 35. Qxf5 d2 36. Rd1 b5 37. Qxh7+ Kb8 38. Qc2 Nf3 39. Qg6
Ne1 40. Qg3+ Kc8 41. Qf2 Nd3 42. Qxd2 Nf2+ 43. Kg1 Nd3 44. Qxd3 1-0

[Event "217th YMCA Summer A"]
[Site "Warsaw"]
[Date "2019.07.24"]
[Round "5"]
[White "Kurowski, Andrzej"]
[Black "Kasperkiewicz, Pawel"]
[Result "1/2-1/2"]
[WhiteElo "1705"]
[BlackElo "1905"]
[PlyCount "43"]
[EventDate "2019.07.03"]
[EventType "tourn"]
[EventRounds "1"]
[EventCountry "POL"]
[SourceDate "2019.07.03"]

1. Nf3 d5 2. d4 e6 3. c4 c5 4. cxd5 exd5 5. Nc3 Nc6 6. g3 Nf6 7. Bg2 Be7 8. O-O
O-O 9. Bf4 Be6 10. Rc1 cxd4 11. Nxd4 Nxd4 12. Qxd4 Qb6 13. Qxb6 axb6 14. Rfd1
Rfc8 15. a3 h6 16. e4 dxe4 17. Nxe4 Nd5 18. Bd6 Kf8 19. Be5 f6 20. Nc3 Nxc3 21.
Bxc3 Rab8 22. Bd4 $11 1/2-1/2

[Event "217th YMCA Summer A"]
[Site "Warsaw"]
[Date "2019.07.29"]
[Round "5"]
[White "Szewczak, Andrzej"]
[Black "Sloniewski, Michal"]
[Result "1/2-1/2"]
[WhiteElo "1720"]
[BlackElo "1744"]
[PlyCount "130"]
[EventDate "2019.07.03"]
[EventType "tourn"]
[EventRounds "1"]
[EventCountry "POL"]
[SourceDate "2019.07.03"]

1. e4 d5 2. exd5 Nf6 3. c4 e6 4. dxe6 Bxe6 5. Nf3 Nc6 6. d4 Bb4+ 7. Nc3 Ne4 8.
Bd2 Nxd2 9. Qxd2 Qe7 10. O-O-O O-O-O 11. d5 Bg4 12. Qf4 h5 13. Qe3 Bxc3 14.
Qxe7 Bxb2+ 15. Kxb2 Nxe7 16. Re1 Rhe8 17. Nd4 Nf5 18. Nc2 Rxe1 19. Nxe1 Nd6 20.
Bd3 c6 21. f3 Bf5 22. Bxf5+ Nxf5 23. dxc6 bxc6 24. g4 Ne3 25. gxh5 Rd1 26. Rg1
g6 27. hxg6 fxg6 28. Kc3 c5 29. Rxg6 Rxe1 30. Kd2 Ra1 31. Kxe3 Rxa2 32. h4 Rh2
33. Rh6 a5 34. Ra6 Rxh4 35. f4 Rh3+ 36. Ke4 Ra3 37. Kd5 Kb7 38. Rf6 Rf3 39.
Kxc5 a4 40. Rf7+ Kb8 41. Kc6 a3 42. Rf8+ Ka7 43. Rf5 Kb8 44. Rb5+ Kc8 45. Ra5
Kb8 46. f5 a2 47. Rxa2 Rxf5 48. Rd2 Kc8 49. c5 Rf6+ 50. Rd6 Rf7 51. Rh6 Rc7+
52. Kb6 Rb7+ 53. Kc6 Rc7+ 54. Kb5 Rb7+ 55. Rb6 Ra7 56. Rh6 Rb7+ 57. Kc4 Rg7 58.
Kd5 Rd7+ 59. Rd6 Rh7 60. Kc6 Rc7+ 61. Kb6 Rb7+ 62. Ka6 Rb1 63. Rb6 Ra1+ 64. Kb5
Kc7 65. Rc6+ Kb7 1/2-1/2

[Event "217th YMCA Summer A"]
[Site "Warsaw"]
[Date "2019.07.26"]
[Round "6"]
[White "Basiaga, Sebastian"]
[Black "Podgorski, Maciej"]
[Result "1-0"]
[WhiteElo "1690"]
[BlackElo "1763"]
[PlyCount "147"]
[EventDate "2019.07.03"]
[EventType "tourn"]
[EventRounds "1"]
[EventCountry "POL"]
[SourceDate "2019.07.03"]

1. e4 c5 2. Nf3 d6 3. Bb5+ Nd7 4. O-O Ngf6 5. Re1 e5 6. c3 Be7 7. d4 O-O 8. a4
a6 9. Bf1 b6 10. d5 Nh5 11. c4 g6 12. Bh6 Ng7 13. Qd2 a5 14. Nc3 Nf6 15. h3
Nfe8 16. Rac1 f5 17. Ng5 f4 18. Ne6 Bxe6 19. dxe6 Rf6 20. Bxg7 Nxg7 21. Nd5
Rxe6 22. Be2 h5 23. g4 Bh4 24. Bf3 Kh7 25. Kh2 Ra7 26. gxh5 Nxh5 27. Bg4 Re8
28. Rg1 Ng7 29. Rg2 Ne6 30. Bxe6 Rxe6 31. Rg4 g5 32. Nc3 Rh6 33. Qe2 Qe8 34.
Nb5 Qh5 35. Kg1 Rd7 36. Rc3 Qf7 37. b3 f3 38. Rxf3 Rf6 39. Rxf6 Qxf6 40. f3 Rf7
41. Kg2 Qe6 42. Nc3 Kg7 43. Nd5 Kf8 44. Ne3 Rh7 45. Nf5 Ke8 46. Qd2 Kd7 47. Kf1
Rh8 48. Qg2 Kc7 49. Nxh4 Rxh4 50. Rxh4 gxh4 51. Qg7+ Kc6 52. Qg4 Qf7 53. Qc8+
Qc7 54. Qa8+ Kd7 55. Qh8 Qd8 56. Qxd8+ Kxd8 57. f4 exf4 58. Kf2 Ke7 59. Kf3 Ke6
60. Kxf4 Kf6 61. Kg4 Ke5 62. Kxh4 Kxe4 63. Kg5 Kd3 64. h4 Kc3 65. h5 Kxb3 66.
h6 Kxc4 67. h7 Kb4 68. h8=Q Kxa4 69. Qa1+ Kb5 70. Qb2+ Kc6 71. Kf5 b5 72. Ke6
a4 73. Qg2+ Kb6 74. Kxd6 1-0

[Event "217th YMCA Summer A"]
[Site "Warsaw"]
[Date "2019.07.26"]
[Round "6"]
[White "Kasperkiewicz, Pawel"]
[Black "Szewczak, Andrzej"]
[Result "1-0"]
[WhiteElo "1905"]
[BlackElo "1720"]
[PlyCount "35"]
[EventDate "2019.07.03"]
[EventType "tourn"]
[EventRounds "1"]
[EventCountry "POL"]
[SourceDate "2019.07.03"]

1. c4 f5 2. g3 b6 3. Bg2 Nc6 4. d4 Bb7 5. Nf3 e6 6. O-O Nf6 7. a3 Bd6 8. Nc3 a6
9. e4 Nxe4 10. Nxe4 fxe4 11. Ng5 Qf6 12. Nxe4 Qf8 13. d5 exd5 14. Nxd6+ Qxd6
15. Re1+ Kd8 16. cxd5 Na5 17. Bf4 Qf8 18. Rc1 1-0

[Event "217th YMCA Summer A"]
[Site "Warsaw"]
[Date "2019.07.25"]
[Round "6"]
[White "Omar, Mohamed"]
[Black "Kurowski, Andrzej"]
[Result "1-0"]
[WhiteElo "1802"]
[BlackElo "1705"]
[PlyCount "77"]
[EventDate "2019.07.03"]
[EventType "tourn"]
[EventRounds "1"]
[EventCountry "POL"]
[SourceDate "2019.07.03"]

1. f4 Nf6 2. Nf3 b6 3. e3 Bb7 4. d4 e6 5. Bd3 c5 6. c3 Ne4 7. Nbd2 f5 8. O-O
Be7 9. Qc2 d5 10. Ne5 Nd7 11. Nxe4 Nxe5 12. Nxc5 bxc5 13. fxe5 O-O 14. b3 Qb6
15. a4 a5 16. Ba3 Rfc8 17. Rab1 Bf8 18. Qb2 cxd4 19. cxd4 Bxa3 20. Qxa3 Rc3 21.
Rfd1 Rac8 22. Qd6 R8c6 23. Qe7 Rc8 24. b4 R3c7 25. bxa5 Qc6 26. Qb4 Ba6 27. Bb5
Qa8 28. Qd6 Bxb5 29. Qxe6+ Kh8 30. axb5 Qxa5 31. Qxd5 Qa3 32. Qf3 Rc3 33. Re1
Rb3 34. Rxb3 Qxb3 35. Qxf5 Rb8 36. e6 Qb4 37. Rf1 Qa3 38. d5 Qb3 39. Qf8+ 1-0